| 000 | 00579nam a22001697a 4500 | ||
|---|---|---|---|
| 999 |
_c7989 _d7989 |
||
| 003 | GBCCL | ||
| 005 | 20241126110641.0 | ||
| 008 | 181123b ||||| |||| 00| 0 eng d | ||
| 040 | _cGBC | ||
| 082 |
_aARCH GBC-2011 _bCHI |
||
| 100 |
_aChiinZaChing _913946 |
||
| 245 |
_aA Theological Study on the Meaning and Significance of the Sacrificial Death of Jesus Christ For Salvation | _cChiinZaChing |
||
| 260 |
_aNew Lamka: _bGrace Bible College, _c2011 |
||
| 300 |
_aiii + 51 p.; _c21 + 29 cm. |
||
| 650 |
_aSoteriology _vSacrificial Death of Christ _xSalvation _913947 |
||
| 942 |
_2ddc _cTH |
||